| Tag |
First Indicator |
Second Indicator |
Subfields |
| LEADER |
00000cam a2200000 i 4500 |
| 001 |
in00004368921 |
| 006 |
m o d f |
| 007 |
cr ||||||||||| |
| 008 |
210823s2021 dcu ob f000 0 eng c |
| 005 |
20221217192044.4 |
| 024 |
8 |
|
|a 43-803
|q (GPO jacket number)
|
| 035 |
|
|
|a (OCoLC)on1264675244
|
| 040 |
|
|
|a GPO
|b eng
|e rda
|e pn
|c GPO
|d GPO
|d OCLCO
|d OCLCF
|d GPO
|d MvI
|
| 042 |
|
|
|a pcc
|
| 043 |
|
|
|a n-us---
|
| 049 |
|
|
|a WWW
|
| 050 |
|
4 |
|a KF27
|b .S6362 2021
|
| 074 |
|
|
|a 1031-C (online)
|
| 086 |
0 |
|
|a Y 4.SM 1:117-007
|
| 088 |
|
|
|a Small Business Committee document no. 117-007
|
| 110 |
1 |
|
|a United States.
|b Congress.
|b House.
|b Committee on Small Business.
|b Subcommittee on Contracting and Infrastructure,
|0 http://id.loc.gov/authorities/names/no2019119002
|e author.
|
| 245 |
1 |
4 |
|a The interaction between the Paycheck Protection Program and federal acquisition rules :
|b what it means for government contractors : hearing before the Subcommittee on Contracting and Infrastructure of the Committee on Small Business, United States House of Representatives, One Hundred Seventeenth Congress, first session, hearing held March 23, 2021.
|
| 264 |
|
1 |
|a Washington :
|b U.S. Government Publishing Office,
|c 2021.
|
| 300 |
|
|
|a 1 online resource (iii, 42 pages)
|
| 336 |
|
|
|a text
|b txt
|2 rdacontent
|
| 337 |
|
|
|a computer
|b c
|2 rdamedia
|
| 338 |
|
|
|a online resource
|b cr
|2 rdacarrier
|
| 500 |
|
|
|a Access ID (govinfo): CHRG-117hhrg43803.
|
| 500 |
|
|
|a "Small Business Committee document number 117-007."
|
| 500 |
|
|
|a GPO Cataloging Record Distribution Program (CRDP).
|
| 504 |
|
|
|a Includes bibliographical references.
|
| 511 |
0 |
|
|a Hearing witnesses: Mr. Greg Bingham, Partner, HKA, Washington, DC; Ms. Susan Moser, Partner, Cherry Bekaert, Tysons, VA; Ms. Robin Greenleaf, PE, Chief Executive Officer, Architectural Engineers, Boston, MA, testifying on behalf of the American Council of Engineering Companies (ACEC); Mr. Carlos A. Penin, PE, President, CAP Engineering, Coral Gables, FL.
|
| 518 |
|
|
|a Date of hearing: 2021-03-23.
|
| 588 |
|
|
|a Description based on online resource; title from PDF title page (govinfo, viewed Aug. 18, 2021).
|
| 650 |
|
0 |
|a Small business
|0 http://id.loc.gov/authorities/subjects/sh85123568
|z United States.
|0 http://id.loc.gov/authorities/names/n78095330
|
| 650 |
|
0 |
|a COVID-19 (Disease)
|0 http://id.loc.gov/authorities/subjects/sh2020000570
|z United States.
|0 http://id.loc.gov/authorities/names/n78095330
|
| 650 |
|
0 |
|a Disaster relief
|z United States.
|0 http://id.loc.gov/authorities/subjects/sh85038302
|
| 650 |
|
0 |
|a Federal aid to small business
|0 http://id.loc.gov/authorities/subjects/sh2002009709
|z United States.
|0 http://id.loc.gov/authorities/names/n78095330
|
| 650 |
|
0 |
|a Economic assistance, Domestic
|z United States.
|0 http://id.loc.gov/authorities/subjects/sh85040782
|
| 650 |
|
0 |
|a COVID-19 Pandemic, 2020-
|0 http://id.loc.gov/authorities/subjects/sh2020008759
|z United States.
|0 http://id.loc.gov/authorities/names/n78095330
|
| 655 |
|
7 |
|a Legislative hearings.
|2 lcgft
|0 http://id.loc.gov/authorities/genreForms/gf2013025047
|
| 776 |
0 |
8 |
|i Print version:
|a United States. Congress. House. Committee on Small Business. Subcommittee on Contracting and Infrastructure.
|t Interaction between the Paycheck Protection Program and federal acquisition rules
|w (OCoLC)1264675471
|
| 856 |
4 |
0 |
|u https://purl.fdlp.gov/GPO/gpo159190
|t 0
|
| 999 |
f |
f |
|s 93192ab3-3c04-41c1-9dc5-c9dd9c612a0a
|i c949e62e-b579-35e6-99a0-1ded3751b0fa
|t 0
|
| 952 |
f |
f |
|a Texas A&M University
|b College Station
|c Electronic Resources
|d Available Online
|t 0
|e Y 4.SM 1:117-007
|h Superintendent of Documents classification
|
| 998 |
f |
f |
|a Y 4.SM 1:117-007
|t 0
|l Available Online
|